000
00319nam a22001337a 4500
020
_a
978-0582526105
041
_a
ENG
100
_a
Flood W.E
245
_a
An elementary Scientific And Technical Dictionary
260
_a
Delhi
_b
UBS
_c
1999
300
_a
413
650
_a
Competitive Exam
856
_u
Competitive Exam
999
_c
690
_d
690